Technical advances in biofilm reactors : proceedings of the IAWPRC Conference held in Nice, France, 4-6 April 1989
Αποθηκεύτηκε σε:
| Συγγραφή απο Οργανισμό/Αρχή: | |
|---|---|
| Άλλοι συγγραφείς: | |
| Μορφή: | Πρακτικό Συνεδρίου Βιβλίο |
| Γλώσσα: | English |
| Δημοσίευση: |
Oxford :
Pergamon Press,
1989
|
| Σειρά: | Water science and technology ;
; 22, no.1/2 |
| Θέματα: | |
| Ετικέτες: |
Προσθήκη ετικέτας
Δεν υπάρχουν, Καταχωρήστε ετικέτα πρώτοι!
|
MARC
| LEADER | 00000cam a2200000 i 4500 | ||
|---|---|---|---|
| 001 | 1/20152 | ||
| 008 | 010710s1990 eng d | ||
| 020 | |a 0-08-040170-8 | ||
| 035 | |l 10067077 | ||
| 040 | |a GR-MY-UA |b gre |e aacr | ||
| 041 | 0 | |a eng | |
| 082 | 0 | |a 628.357 | |
| 111 | 2 | |a International Association on Water Pollution Reasearch and Control Conference |d (1989: |c Nice, France) | |
| 245 | 1 | 0 | |a Technical advances in biofilm reactors : |b proceedings of the IAWPRC Conference held in Nice, France, 4-6 April 1989 / |c editor, J. Bernard |
| 260 | |a Oxford : |b Pergamon Press, |c 1989 | ||
| 300 | |a 493, xiv p. | ||
| 490 | 1 | |a Water science and technology |v ; 22, no.1/2 | |
| 650 | 0 | 0 | |a Sewage |x Purification |x Fixed-film biological process |x Congresses. |
| 650 | 0 | 0 | |a Biofilms |x Congresses. |
| 700 | 1 | |a Bernard, J. |4 edt | |
| 830 | 0 | |a Water science and technology ; |v ; 22, no.1/2 | |
| 852 | |a INST |b LESVOS |e 20010710 |h 628.357 INT |p 005100028824 |q 005100028824 |t BK |y 0 | ||
| 852 | |a INST |b LESVOS |e 20010710 |h 628.357 INT |p 005100028825 |q 005100028825 |t BK |y 0 | ||
| 901 | |a BIBL1-2001-2 | ||
| 909 | |a Λ |b 088033 | ||
| 909 | |a Λ |b 088032 | ||
| 970 | |a ΤΖΑΦΕΡΗ |b ΕΥΑΓΓΕΛΙΑ |z 2001/07/10 | ||